| 000 | 01785cam a2200457 i 4500 | ||
|---|---|---|---|
| 001 | 41329 | ||
| 003 | Mx-PuUPA | ||
| 005 | 20251009131226.0 | ||
| 008 | 140415s1967 sp a gr 000 f spa d | ||
| 017 | _aM. 19.329-1967 | ||
| 040 |
_cMx-PuUPA _aMx-PuUPA _bspa _dMx-PuUPA _erda |
||
| 041 | 1 |
_aspa _heng |
|
| 110 | 2 |
_aReader's Digest Selecciones (Firm) _917547 _eautor |
|
| 240 | 1 | 0 |
_aNovela. _kSelecciones. |
| 245 | 1 | 0 |
_aLibros eternos para la juventud. _nVolumen II / _cSelecciones del Reader's Digest |
| 264 | 1 |
_aMadrid : _bSelecciones del Reader's Digest (Iberia), _c©1967 |
|
| 300 |
_a369 páginas : _bilustraciones ; _c24 cm |
||
| 336 |
_2rdacontent _atexto _btxt |
||
| 336 |
_2rdacontent _aimagen fija _bsti |
||
| 337 |
_2rdamedia _asin medio _bn |
||
| 338 |
_2rdacarrier _avolumen _bnc |
||
| 505 | 0 |
_tMujercitas / _rpor Louisa M. Alcott. |
|
| 505 | 0 |
_tLa llamada de la selva / _rpor Jack London. |
|
| 505 | 0 |
_tLa isla del tesoro / _rpor Robert Louis Stevenson. |
|
| 600 | 3 | 0 |
_aFamilia March _vFicción |
| 650 | 7 |
_2armarc _aNovela estadounidense _ySiglo XX |
|
| 650 | 7 |
_2armarc _aMujeres casadas _zInglaterra _vNovela |
|
| 650 | 7 |
_2armarc _aTesoros ocultos _vNovela juvenil |
|
| 651 | 4 |
_aValle del río Klondike (Yukón) _vNovela |
|
| 651 | 4 |
_aÁrea del Caribe _xHistoria _ySiglo XVIII _vNovela juvenil |
|
| 700 | 1 |
_aAlcott, Louisa M., _tLittle women. _lEspañol |
|
| 700 | 1 |
_aLondon, Jack, _tThe call of the wild. _lEspañol |
|
| 700 | 1 |
_aStevenson, Robert Louis, _tTreasure island. _lEspañol |
|
| 740 | 0 | 2 | _aMujercitas. |
| 740 | 3 | 2 | _aLa llamada de la selva. |
| 740 | 3 | 2 | _aLa isla del tesoro. |
| 942 |
_2ddc _cLI _h813.4 _iL6418 |
||
| 999 |
_c41329 _d41329 |
||